Statistics for Celebrity Alcohol Deaths

Click here to take the quiz!

General Stats

  • This quiz has been taken 745 times
    (323 since last reset)
  • The average score is 8 of 20

Answer Stats

DeathHintPerson% Correct
1940Author of The Great GatsbyF. Scott Fitzgerald
72%
1971Frontman of the DoorsJim Morrison
69%
2011Posthumously had the UK's best-selling 21st century albumAmy Winehouse
65%
1957Anti-communist senator from Wisconsin with his own "-ism"Joseph McCarthy
51%
1984Actor twice married to Elizabeth TaylorRichard Burton
51%
1938First president of TurkeyKemal Atatürk
49%
2005Northern Irish soccer legend, known as "El Beatle"George Best
43%
1969Beat Generation author of On the RoadJack Kerouac
42%
1984Wrote In Cold BloodTruman Capote
42%
1980Original AC/DC singerBon Scott
39%
1980Drummer of Led ZeppelinJohn Bonham
39%
1953Country music singer-songwriter of "Your Cheatin' Heart"Hank Williams
36%
1869U.S. President (1853-1857)Franklin Pierce
33%
1959Jazz singer nicknamed "Lady Day"Billie Holiday
29%
201770s teen idol who starred on The Partridge FamilyDavid Cassidy
29%
1978Plan 9 From Outer Space director (and subject of Tim Burton film)Ed Wood
29%
2018Best known as Mini-MeVerne Troyer
29%
1995New York Yankees center fielder, possibly the greatest switch hitterMickey Mantle
24%
1946Comedian whose persona was a misanthropic, hard-drinking egotist{W}. {C}. {Fields}
16%
1910American author of "The Gift of the Magi"; known for surprise endings.{O}. {Henry}
14%

Score Distribution

Percentile by Number Answered

Percent of People with Each Score

Your Score History

You have not taken this quiz since the last reset